1144 1845 1908 1665 1066 1356 1500 1908 1875 1816 1849 1345 1829 1693 1998 1595 1683 1795 1466 1196 1652 1167 1454 1080 1048 1513 1673 1573 1242 1288 1452 1382 1322 1725 1637 1320 1474 1441 1564 1255 1419 1509 1627 1592 1347 1108 1764 1934 1669 1875 1580 1594 1683 1982 1556 1859 1006 1066 1449 1502 1539 1595 1102 1389 1187 1076 1458 1822 1705 1387 1041 1236 1614 1681 1961 1860 1794 1802 1983 1667 1454 1938 1413 1052 1564 1378 1686 1653 1917 1363 1515 1377 1676 1204 1370 1829 1615 1735 1527 BCNSPRNW ULIB Ver.6.0+V

เปลี่ยนเป็นภาษาไทย

Change to English
 แสดงรายละเอียดบรรณานุกรม
  กลับหน้าหลัก

Brief Record : Get Marc (ISO 2709) : E-mail record : QR code < ปิดหน้าต่าง
LEADER : 00000nam 2200000uu 4500
001    13399114873
003     ULIB
008    120612s2545||||th 000 0 tha d
020    ^a9742947341
060 04 ^aWA546^bส712ค 2545
110 1  ^aสำนักงานสาธารณสุขจังหวัดนครราชสีมา
245 00 ^aคู่มือดำเนินงาน:ศูนย์สุขภาพชุมชน/^cสำเริง แหยงกระโทก ,รุจิรา มังคละศิริ,บรรณาธิการ^d
260    ^a[นครราชสีมา :^bสำนักงานสาธารณสุขจังหวัดนครราชสีมา], 2545
300    ^a220 หน้า.
650  7 ^aการดำเนินงานศูนย์สุขภาพชุมชน
700 0  ^aสำเริง แหยงกระโทก,^eบรรณาธิการ
700 0  ^aรุจิรา มังคละศิริ,^eบรรณาธิการ
710 2  ^aสำนักงานสาธารณสุขจังหวัดนครราชสีมา
945    ^p0^l0^i11517
945    ^p0^l0^i11513
945    ^p0^l0^i11514
945    ^p0^l0^i11515
945    ^p0^l0^i11519
945    ^p0^l0^i11520
995    ^aกัณชพร
999    ^aใช้งานได้ทุกระบบ
รายการนี้ยังไม่มีแท็ก
คุณยังไม่ได้ล็อกอิน คุณสามารถมีกิจกรรมร่วมกับเว็บไซต์ได้ แต่ต้องล็อกอินก่อน ::
  ล็อกอิน

รายการสื่อสารสนเทศ

ลำดับที่ ประเภท เลขเรียก/บาร์โค้ด สถานที่ สถานะ
- ไม่พบข้อมูล -

รายการใกล้เคียง
    หัวเรื่อง [การดำเนินงานศูนย์สุขภาพชุมชน]

BibComment


ยังไม่เคยถูกคอมเมนท์

คอมเมนท์ทรัพยากรรายการนี้
  คอมเมนท์: คู่มือดำเนินงานศ..


 Copyright 2026. Bcnsprnw @Library